[Event "ODJM C 2023"]
[Site "Willingen GER"]
[Date "2023.06.01"]
[Round "7"]
[White "Steinkamp, Matthis"]
[Black "Hellmann, Alexander"]
[Result "0-1"]
[Termination "normal"]
[Board "29"]
[WhiteElo "1153"]
[BlackElo "1156"]
[WhiteClock "00:52:53"]
[BlackClock "00:59:57"]
[PlyCount "72"]
[WhiteFideId "16287622"]
[BlackFideId "34612050"]
[EventCountry "GER"]
[EventRounds "9"]
[EventType "swiss"]
[EventDate "2023.05.27"]

1. d4 {[%clk 01:30:56]} {[%emt 00:00:04]} Nf6 {[%clk 01:30:41]} {[%emt
00:00:19]} 2. Nc3 {[%clk 01:31:18]} {[%emt 00:00:08]} d5 {[%clk 01:31:03]}
{[%emt 00:00:08]} 3. Bf4 {[%clk 01:31:38]} {[%emt 00:00:09]} Bf5 {[%clk
01:30:37]} {[%emt 00:00:57]} 4. e3 {[%clk 01:31:55]} {[%emt 00:00:13]} e6
{[%clk 01:30:41]} {[%emt 00:00:27]} 5. f3 {[%clk 01:32:16]} {[%emt 00:00:08]}
Bb4 {[%clk 01:29:51]} {[%emt 00:01:21]} 6. g4 {[%clk 01:32:27]} {[%emt
00:00:18]} Bg6 {[%clk 01:29:52]} {[%emt 00:00:29]} 7. h4 {[%clk 01:32:44]}
{[%emt 00:00:12]} h6 {[%clk 01:30:02]} {[%emt 00:00:21]} 8. h5 {[%clk
01:33:07]} {[%emt 00:00:07]} Bh7 {[%clk 01:30:28]} {[%emt 00:00:05]} 9. Bd3
{[%clk 01:33:32]} {[%emt 00:00:05]} a6 {[%clk 01:28:11]} {[%emt 00:02:48]} 10.
Nge2 {[%clk 01:33:07]} {[%emt 00:00:52]} Nbd7 {[%clk 01:26:31]} {[%emt
00:02:11]} 11. Ng3 {[%clk 01:29:54]} {[%emt 00:03:42]} c5 {[%clk 01:26:26]}
{[%emt 00:00:36]} 12. O-O {[%clk 01:28:48]} {[%emt 00:01:35]} Rc8 {[%clk
01:25:11]} {[%emt 00:01:46]} 13. Bxh7 {[%clk 01:25:36]} {[%emt 00:03:41]} Rxh7
{[%clk 01:25:15]} {[%emt 00:00:27]} 14. g5 {[%clk 01:25:27]} {[%emt 00:00:38]}
hxg5 {[%clk 01:23:56]} {[%emt 00:01:50]} 15. Bxg5 {[%clk 01:25:47]} {[%emt
00:00:09]} Qc7 {[%clk 01:23:49]} {[%emt 00:00:37]} 16. f4 {[%clk 01:23:15]}
{[%emt 00:03:02]} cxd4 {[%clk 01:23:32]} {[%emt 00:00:48]} 17. exd4 {[%clk
01:19:24]} {[%emt 00:04:20]} Bxc3 {[%clk 01:23:52]} {[%emt 00:00:11]} 18. bxc3
{[%clk 01:19:28]} {[%emt 00:00:25]} Qxc3 {[%clk 01:24:16]} {[%emt 00:00:06]}
19. Rf3 {[%clk 01:18:09]} {[%emt 00:01:48]} Qxc2 {[%clk 01:23:48]} {[%emt
00:00:59]} 20. f5 {[%clk 01:09:02]} {[%emt 00:09:37]} Qxd1+ {[%clk 01:21:38]}
{[%emt 00:02:40]} 21. Rxd1 {[%clk 01:09:09]} {[%emt 00:00:22]} Rc6 {[%clk
01:19:09]} {[%emt 00:03:00]} 22. fxe6 {[%clk 01:07:41]} {[%emt 00:01:57]} Rxe6
{[%clk 01:17:16]} {[%emt 00:02:24]} 23. Nf5 {[%clk 01:05:39]} {[%emt 00:02:30]}
g6 {[%clk 01:14:48]} {[%emt 00:03:00]} 24. hxg6 {[%clk 01:05:57]} {[%emt
00:00:11]} fxg6 {[%clk 01:13:22]} {[%emt 00:01:56]} 25. Nh4 {[%clk 01:04:20]}
{[%emt 00:02:06]} Rh5 {[%clk 01:12:10]} {[%emt 00:01:43]} 26. Bxf6 {[%clk
01:01:57]} {[%emt 00:02:54]} Rxf6 {[%clk 01:12:02]} {[%emt 00:00:39]} 27. Re1+
{[%clk 01:00:27]} {[%emt 00:01:59]} Kf7 {[%clk 01:11:52]} {[%emt 00:00:40]} 28.
Rxf6+ {[%clk 01:00:24]} {[%emt 00:00:33]} Nxf6 {[%emt 00:01:52]} 29. Nf3 {[%clk
00:59:59]} Ne4 {[%clk 01:05:39]} {[%emt 00:06:16]} 30. a4 {[%clk 00:59:06]}
{[%emt 00:01:21]} Rh8 {[%clk 01:04:54]} {[%emt 00:01:17]} 31. Ne5+ {[%clk
00:59:12]} {[%emt 00:00:23]} Ke6 {[%clk 01:02:47]} {[%emt 00:02:37]} 32. Re3
{[%clk 00:58:06]} {[%emt 00:01:35]} b5 {[%clk 01:00:56]} {[%emt 00:02:24]} 33.
axb5 {[%clk 00:56:29]} {[%emt 00:02:06]} axb5 {[%clk 01:00:39]} {[%emt
00:00:48]} 34. Kf1 {[%clk 00:55:53]} {[%emt 00:01:05]} g5 {[%emt 00:00:41]} 35.
Ke2 {[%clk 00:55:43]} {[%emt 00:00:02]} Rh2+ {[%clk 00:59:57]} {[%emt
00:01:39]} 36. Kd1 {[%clk 00:52:53]} {[%emt 00:03:20]} Rd2+ {[%emt 00:03:10]}
0-1

[Event "ODJM C 2023"]
[Site "Willingen GER"]
[Date "2023.06.01"]
[Round "7"]
[White "Kulgemeyer, Justus"]
[Black "Reetz, Shaila"]
[Result "1-0"]
[Termination "normal"]
[Board "30"]
[WhiteElo "1106"]
[BlackElo "1003"]
[WhiteClock "01:24:29"]
[BlackClock "01:14:32"]
[PlyCount "69"]
[WhiteFideId "34623671"]
[BlackFideId "34630317"]
[EventCountry "GER"]
[EventRounds "9"]
[EventType "swiss"]
[EventDate "2023.05.27"]

1. d4 {[%clk 01:30:58]} {[%emt 00:00:02]} d5 {[%clk 01:30:52]} {[%emt
00:00:08]} 2. Nc3 {[%clk 01:31:22]} {[%emt 00:00:05]} Nf6 {[%clk 01:31:14]}
{[%emt 00:00:08]} 3. Bf4 {[%emt 00:00:09]} a6 {[%emt 00:00:07]} 4. e3 {[%clk
01:31:26]} {[%emt 00:00:09]} e6 {[%clk 01:31:31]} {[%emt 00:00:14]} 5. Nf3
{[%clk 01:31:09]} {[%emt 00:00:47]} c5 {[%clk 01:31:38]} {[%emt 00:00:22]} 6.
dxc5 {[%clk 01:31:34]} {[%emt 00:00:05]} Nbd7 {[%clk 01:31:24]} {[%emt
00:00:44]} 7. Bd3 {[%clk 01:31:57]} {[%emt 00:00:07]} Nxc5 {[%clk 01:31:36]}
{[%emt 00:00:16]} 8. e4 {[%clk 01:32:13]} {[%emt 00:00:16]} Be7 {[%clk
01:31:46]} {[%emt 00:00:19]} 9. e5 {[%clk 01:32:32]} {[%emt 00:00:12]} Ng4
{[%clk 01:31:26]} {[%emt 00:00:50]} 10. O-O {[%clk 01:32:47]} {[%emt 00:00:15]}
O-O {[%clk 01:31:45]} {[%emt 00:00:11]} 11. h3 {[%clk 01:31:54]} {[%emt
00:01:23]} Nh6 {[%clk 01:30:54]} {[%emt 00:01:22]} 12. Bxh6 {[%clk 01:31:38]}
{[%emt 00:00:46]} gxh6 {[%clk 01:31:03]} {[%emt 00:00:19]} 13. Qd2 {[%clk
01:31:54]} {[%emt 00:00:16]} Nxd3 {[%clk 01:30:17]} {[%emt 00:01:15]} 14. cxd3
{[%clk 01:32:12]} {[%emt 00:00:13]} h5 {[%clk 01:30:15]} {[%emt 00:00:32]} 15.
Qh6 {[%clk 01:32:26]} {[%emt 00:00:16]} d4 {[%clk 01:29:19]} {[%emt 00:01:25]}
16. Ne4 {[%clk 01:32:48]} {[%emt 00:00:09]} f6 {[%clk 01:27:47]} {[%emt
00:02:02]} 17. exf6 {[%clk 01:32:57]} {[%emt 00:00:21]} Bxf6 {[%clk 01:28:00]}
{[%emt 00:00:17]} 18. Neg5 {[%clk 01:32:54]} {[%emt 00:00:34]} Qe7 {[%clk
01:26:52]} {[%emt 00:01:38]} 19. Qxh5 {[%clk 01:31:00]} {[%emt 00:02:24]} e5
{[%clk 01:26:16]} {[%emt 00:01:05]} 20. Rfe1 {[%clk 01:30:54]} {[%emt
00:00:37]} Bf5 {[%clk 01:22:56]} {[%emt 00:03:48]} 21. g4 {[%clk 01:30:41]}
{[%emt 00:00:45]} Bxd3 {[%clk 01:22:40]} {[%emt 00:00:44]} 22. Ne4 {[%clk
01:28:24]} {[%emt 00:02:50]} Rac8 {[%clk 01:20:57]} {[%emt 00:02:12]} 23. Nfg5
{[%clk 01:28:09]} {[%emt 00:00:45]} Rc7 {[%clk 01:18:04]} {[%emt 00:03:23]} 24.
Nxf6+ {[%clk 01:26:30]} {[%emt 00:02:08]} Qxf6 {[%clk 01:17:57]} {[%emt
00:00:36]} 25. Rac1 {[%clk 01:25:59]} {[%emt 00:01:03]} Rg7 {[%clk 01:17:30]}
{[%emt 00:00:56]} 26. Ne4 {[%clk 01:25:40]} {[%emt 00:00:48]} Bxe4 {[%clk
01:17:27]} {[%emt 00:00:33]} 27. Re2 {[%clk 01:25:18]} {[%emt 00:00:54]} Qf3
{[%clk 01:17:20]} {[%emt 00:00:36]} 28. Rxe4 {[%clk 01:24:29]} {[%emt
00:01:20]} Qg3+ {[%clk 01:17:15]} {[%emt 00:00:34]} 29. fxg3 {[%clk 01:24:22]}
{[%emt 00:00:37]} Re7 {[%clk 01:16:38]} {[%emt 00:01:07]} 30. Qg5+ {[%clk
01:24:08]} {[%emt 00:00:43]} Rg7 {[%clk 01:16:52]} {[%emt 00:00:17]} 31. Qh5
{[%clk 01:24:23]} {[%emt 00:00:14]} Re7 {[%clk 01:17:06]} {[%emt 00:00:16]} 32.
Qh4 {[%clk 01:23:48]} {[%emt 00:01:05]} Rff7 {[%clk 01:16:43]} {[%emt
00:00:53]} 33. Rf1 {[%clk 01:23:52]} {[%emt 00:00:26]} Rg7 {[%clk 01:16:46]}
{[%emt 00:00:27]} 34. Qf6 {[%clk 01:24:10]} {[%emt 00:00:12]} Rd7 {[%clk
01:14:32]} {[%emt 00:02:45]} 35. Qf8# {[%clk 01:24:29]} {[%emt 00:00:11]} 1-0

[Event "ODJM C 2023"]
[Site "Willingen GER"]
[Date "2023.06.01"]
[Round "7"]
[White "Knudsen, Finn Luca"]
[Black "Prokscha, Marlene"]
[Result "1-0"]
[Termination "normal"]
[Board "31"]
[WhiteElo "967"]
[BlackElo "1054"]
[PlyCount "63"]
[WhiteFideId "34630023"]
[BlackFideId "34631291"]
[EventCountry "GER"]
[EventRounds "9"]
[EventType "swiss"]
[EventDate "2023.05.27"]

1. e4 e6 2. d4 d5 3. exd5 exd5 4. Bd3 Nc6 5. Nf3 Be7 6. h3 Nf6 7. O-O Be6 8. c3
Qd6 9. Re1 O-O-O 10. b4 b6 11. Ba3 Qf4 12. Bc1 Qd6 13. b5 Na5 14. Ne5 c5 15.
bxc6 Rde8 16. Ba3 Qc7 17. Ba6+ Kb8 18. Bxe7 Rxe7 19. Na3 Nxc6 20. Nb5 Qxe5 21.
dxe5 Ne4 22. c4 Nb4 23. cxd5 Bxd5 24. Rxe4 f6 25. Rxb4 Rxe5 26. Qc2 Ree8 27.
Qc7+ Ka8 28. Rd4 Rb8 29. Rxd5 Rhe8 30. Rd7 g5 31. Bb7+ Rxb7 32. Qxb7# 1-0

[Event "ODJM C 2023"]
[Site "Willingen GER"]
[Date "2023.06.01"]
[Round "7"]
[White "Hendler, Maximilian"]
[Black "Blome, Antonia"]
[Result "1/2-1/2"]
[Termination "normal"]
[Board "32"]
[WhiteElo "971"]
[BlackElo "1099"]
[PlyCount "66"]
[WhiteFideId "34616500"]
[BlackFideId "34630090"]
[EventCountry "GER"]
[EventRounds "9"]
[EventType "swiss"]
[EventDate "2023.05.27"]

1. e4 e5 2. Nf3 Nc6 3. Bc4 Bc5 4. c3 Nf6 5. d4 exd4 6. cxd4 Bb4+ 7. Bd2 Nxe4 8.
Bxb4 Nxb4 9. Bxf7+ Kxf7 10. Qb3+ Kf8 11. Qxb4+ Qe7 12. Qxe7+ Kxe7 13. O-O Kd8
14. Re1 Nf6 15. Ne5 Rf8 16. Nc3 c6 17. Re2 d6 18. Nc4 d5 19. Ne5 Bf5 20. Na4
Nd7 21. Nxd7 Bxd7 22. Nc5 b6 23. Nxd7 Kxd7 24. Rae1 Rfe8 25. Kf1 Rxe2 26. Rxe2
Re8 27. Rxe8 Kxe8 28. Ke2 Ke7 29. f4 g6 30. g4 Ke6 31. b4 a6 32. Kd3 h5 33. h3
hxg4 1/2-1/2

[Event "ODJM C 2023"]
[Site "Willingen GER"]
[Date "2023.06.01"]
[Round "7"]
[White "Knudsen, Max Leon"]
[Black "Löffelholz, Simon"]
[Result "0-1"]
[Termination "normal"]
[Board "33"]
[WhiteElo "931"]
[BlackElo "1264"]
[PlyCount "54"]
[WhiteFideId "34629467"]
[BlackFideId "34623620"]
[EventCountry "GER"]
[EventRounds "9"]
[EventType "swiss"]
[EventDate "2023.05.27"]

1. e4 c5 2. Bc4 d6 3. Nf3 Nf6 4. Nc3 a6 5. e5 dxe5 6. Nxe5 e6 7. O-O b5 8. Be2
Bd6 9. Bf3 Ra7 10. Nc6 Nxc6 11. Bxc6+ Bd7 12. Bxd7+ Qxd7 13. d4 O-O 14. Bg5 Nd5
15. Qg4 f5 16. Qh5 cxd4 17. Nxd5 exd5 18. Rad1 h6 19. Bc1 Qf7 20. Qf3 Rd8 21.
Rxd4 Rb7 22. Rxd5 Bxh2+ 23. Kxh2 Qxd5 24. Qe3 Qxa2 25. Qf3 Qd5 26. Qg3 Qc4 27.
Qh4 Qxh4+ 0-1

[Event "ODJM C 2023"]
[Site "Willingen GER"]
[Date "2023.06.01"]
[Round "7"]
[White "Liu, Kairui"]
[Black "Andrade, Levin"]
[Result "0-1"]
[Termination "normal"]
[Board "35"]
[WhiteElo "1024"]
[BlackElo "840"]
[PlyCount "100"]
[WhiteFideId "34660534"]
[BlackFideId "34660399"]
[EventCountry "GER"]
[EventRounds "9"]
[EventType "swiss"]
[EventDate "2023.05.27"]

1. e4 e5 2. Nf3 Nc6 3. Bc4 Bc5 4. c3 Nf6 5. d4 exd4 6. cxd4 Bb4+ 7. Bd2 Bxd2+
8. Nbxd2 d5 9. exd5 Nxd5 10. O-O O-O 11. Rc1 Nce7 12. Qc2 h6 13. Qb3 c6 14.
Rfe1 Qb6 15. Bxd5 Nxd5 16. Qxb6 axb6 17. a3 Bf5 18. Nc4 Rad8 19. Ne3 Nxe3 20.
fxe3 Rfe8 21. Rc3 g5 22. Rb3 g4 23. Ne5 f6 24. Nd3 Bxd3 25. Rxd3 f5 26. Rf1 Rd5
27. Rf4 c5 28. Rc3 cxd4 29. exd4 Re1+ 30. Kf2 Rd1 31. Rb3 R1xd4 32. Rxd4 Rxd4
33. Rxb6 Rd7 34. h3 h5 35. h4 Rg7 36. g3 Rf7 37. Rb4 Kg7 38. Ke3 Re7+ 39. Kf4
Kf6 40. Rb6+ Re6 41. Rxe6+ Kxe6 42. Kg5 Ke5 43. Kxh5 Ke4 44. Kg5 f4 45. Kxg4 f3
46. h5 f2 47. h6 f1=Q 48. Kg5 Qf5+ 49. Kh4 Kf3 50. h7 Qg4# 0-1

[Event "ODJM C 2023"]
[Site "Willingen GER"]
[Date "2023.06.01"]
[Round "7"]
[White "Peglau, Lorena"]
[Black "Kutz, Henning Jasper"]
[Result "1-0"]
[Termination "normal"]
[Board "36"]
[WhiteElo "1235"]
[BlackElo "830"]
[PlyCount "101"]
[WhiteFideId "16290542"]
[BlackFideId "34612882"]
[EventCountry "GER"]
[EventRounds "9"]
[EventType "swiss"]
[EventDate "2023.05.27"]

1. c4 e5 2. Nc3 g6 3. d3 Bg7 4. Bd2 Nf6 5. g3 d6 6. Bg2 Nc6 7. Nf3 Bg4 8. O-O
O-O 9. Rb1 Nd4 10. Nxd4 exd4 11. Nb5 c6 12. Nxd4 Re8 13. Re1 c5 14. Nc2 Rb8 15.
b4 cxb4 16. Rxb4 a5 17. Rxb7 Rxb7 18. Bxb7 Bh3 19. Bg2 Bxg2 20. Kxg2 Qa8+ 21.
f3 d5 22. c5 Nd7 23. d4 Nf6 24. Bf4 Kh8 25. Qb1 Ng8 26. Qb6 Bh6 27. Bxh6 Nxh6
28. c6 Qd8 29. Qxd8 Rxd8 30. Rc1 Rc8 31. Na3 Nf5 32. Nb5 Ne7 33. c7 f5 34. Nd6
Kg8 35. Nxc8 Nxc8 36. Rb1 Kf7 37. Rb8 Nd6 38. c8=Q Nxc8 39. Rxc8 Kg7 40. Rd8
Kh6 41. Rxd5 a4 42. Re5 Kg5 43. d5 Kh6 44. d6 Kg5 45. d7 Kf6 46. Re8 Kg5 47.
d8=Q+ Kh6 48. Qh4+ Kg7 49. Re7+ Kf8 50. Qf6+ Kg8 51. Qg7# 1-0

[Event "ODJM C 2023"]
[Site "Willingen GER"]
[Date "2023.06.01"]
[Round "7"]
[White "Söhren, Louis"]
[Black "Reh, Krispin"]
[Result "0-1"]
[Termination "normal"]
[Board "37"]
[WhiteElo "964"]
[BlackElo "1083"]
[PlyCount "70"]
[WhiteFideId "34631747"]
[BlackFideId "16299205"]
[EventCountry "GER"]
[EventRounds "9"]
[EventType "swiss"]
[EventDate "2023.05.27"]

1. e4 c6 2. d4 d5 3. e5 Bf5 4. Nf3 e6 5. Bd3 Bxd3 6. Qxd3 Nd7 7. Nc3 h6 8. Be3
Bb4 9. a3 Ba5 10. b4 Bb6 11. a4 Ne7 12. a5 Bc7 13. b5 Bxa5 14. O-O Nf5 15. bxc6
bxc6 16. Rab1 O-O 17. Na4 Rb8 18. Rxb8 Qxb8 19. Nc5 Nxc5 20. dxc5 Nxe3 21. Qxe3
Bc7 22. Re1 Ba5 23. Re2 Qb1+ 24. Ne1 Bxe1 25. Rxe1 Qxc2 26. h3 a5 27. Rc1 Qf5
28. g4 Qe4 29. Qc3 a4 30. Re1 Qc4 31. Qa5 f6 32. exf6 Rxf6 33. h4 Qxg4+ 34. Kh2
Rxf2+ 35. Kh1 Qg2# 0-1

[Event "ODJM C 2023"]
[Site "Willingen GER"]
[Date "2023.06.01"]
[Round "7"]
[White "Schwarzfischer, Ramona"]
[Black "Finck, Julius"]
[Result "0-1"]
[Termination "normal"]
[Board "38"]
[WhiteElo "916"]
[BlackElo "1071"]
[PlyCount "90"]
[WhiteFideId "16268113"]
[BlackFideId "34660429"]
[EventCountry "GER"]
[EventRounds "9"]
[EventType "swiss"]
[EventDate "2023.05.27"]

1. e4 e5 2. Nf3 Nf6 3. Nc3 Bb4 4. d3 d5 5. exd5 Nxd5 6. Bd2 O-O 7. a3 Bxc3 8.
bxc3 Bf5 9. c4 Nf6 10. Bc3 Bg4 11. Be2 Bxf3 12. Bxf3 c6 13. O-O Nbd7 14. Re1
Qc7 15. Bg4 Rfe8 16. Qf3 c5 17. Qg3 Rac8 18. Bxd7 Nxd7 19. f4 f6 20. fxe5 fxe5
21. Rab1 Re7 22. Qf3 b6 23. Qd5+ Kh8 24. Qf3 Rf8 25. Qg3 Rfe8 26. Re3 Nf6 27.
Rbe1 Nd7 28. d4 cxd4 29. Bxd4 Qxc4 30. Bxe5 Nxe5 31. Rxe5 Qd4+ 32. Kh1 Rxe5 33.
Rf1 Re3 34. Qf2 Qf6 35. Qxf6 gxf6 36. h3 Re1 37. Kg1 Rxf1+ 38. Kxf1 Rc8 39. Kf2
Rxc2+ 40. Kf3 a5 41. h4 b5 42. g4 b4 43. Kf4 bxa3 44. Kf5 Rf2+ 45. Ke6 a2 0-1

[Event "ODJM C 2023"]
[Site "Willingen GER"]
[Date "2023.06.01"]
[Round "7"]
[White "Schilay, Vinzenz"]
[Black "Kraus, Joshua"]
[Result "1-0"]
[Termination "normal"]
[Board "39"]
[WhiteElo "1052"]
[BlackElo "836"]
[PlyCount "59"]
[WhiteFideId "12983209"]
[BlackFideId "34660500"]
[EventCountry "GER"]
[EventRounds "9"]
[EventType "swiss"]
[EventDate "2023.05.27"]

1. e4 e5 2. Nf3 Nc6 3. Nc3 Nf6 4. Be2 d5 5. exd5 Nxd5 6. d3 Be6 7. O-O Qd7 8.
Ne4 O-O-O 9. a3 h6 10. c4 Nde7 11. b4 Nd4 12. Nxe5 Nxe2+ 13. Qxe2 Qe8 14. Qe3
b6 15. a4 Nc6 16. Nxc6 Qxc6 17. Bd2 Bd6 18. a5 Rhe8 19. axb6 cxb6 20. Rxa7 Bc7
21. Rfa1 Kb8 22. b5 Qb7 23. Rxb7+ Kxb7 24. c5 Ra8 25. Nd6+ Bxd6 26. Qe4+ Kc7
27. cxd6+ Kxd6 28. Rxa8 Re7 29. Bb4+ Kd7 30. Qc6# 1-0

[Event "ODJM C 2023"]
[Site "Willingen GER"]
[Date "2023.06.01"]
[Round "7"]
[White "Prigandt, Junis"]
[Black "Haas, Valentina"]
[Result "1-0"]
[Termination "normal"]
[Board "42"]
[WhiteElo "1019"]
[BlackElo "797"]
[PlyCount "97"]
[WhiteFideId "34631712"]
[BlackFideId "34660461"]
[EventCountry "GER"]
[EventRounds "9"]
[EventType "swiss"]
[EventDate "2023.05.27"]

1. d4 d5 2. c4 e6 3. Nc3 Nf6 4. Nf3 Bd6 5. Qb3 O-O 6. g3 Nc6 7. Qc2 h6 8. Bg2
Re8 9. O-O e5 10. e3 Bd7 11. Qb3 Qc8 12. cxd5 e4 13. Nd2 Bh3 14. dxc6 bxc6 15.
Nc4 Bxg2 16. Kxg2 Qf5 17. f3 exf3+ 18. Rxf3 Qg5 19. e4 Qg6 20. e5 Rab8 21. Qd1
Qh5 22. exd6 cxd6 23. Nxd6 Re6 24. Nc4 Ng4 25. h3 Rbe8 26. hxg4 Re2+ 27. Nxe2
Qxg4 28. Ne5 Qe6 29. Qb3 Qc8 30. Qxf7+ Kh7 31. g4 Rf8 32. Qg6+ Kg8 33. Bxh6 Qc7
34. Rxf8+ Kxf8 35. Rf1+ Ke7 36. Rf7+ Kd8 37. Rxc7 Kxc7 38. Qxg7+ Kb6 39. Nd7+
Kc7 40. Bf4+ Kb7 41. d5 cxd5 42. Qc3 d4 43. Qc7+ Ka6 44. Qc4+ Kb7 45. Qxd4 Ka6
46. Qa4+ Kb7 47. Nd4 a6 48. Qc6+ Ka7 49. Bb8# 1-0

[Event "ODJM C 2023"]
[Site "Willingen GER"]
[Date "2023.06.01"]
[Round "7"]
[White "Lindl, Julian"]
[Black "Ginschel, Sophia"]
[Result "1-0"]
[Termination "normal"]
[Board "44"]
[WhiteElo "1148"]
[BlackElo "809"]
[PlyCount "113"]
[WhiteFideId "16258304"]
[BlackFideId "34660445"]
[EventCountry "GER"]
[EventRounds "9"]
[EventType "swiss"]
[EventDate "2023.05.27"]

1. b3 e5 2. Bb2 Nc6 3. e3 Nf6 4. Bb5 Bd6 5. Ne2 Qe7 6. O-O O-O 7. d3 a6 8. Bxc6
bxc6 9. Nd2 c5 10. c4 Bb7 11. e4 g5 12. Ng3 g4 13. Nf5 Qe6 14. Qe2 h5 15. Qe3
Ne8 16. Qg5+ Kh8 17. Qxh5+ Kg8 18. Qxg4+ Kh8 19. Bc1 Be7 20. Nf3 Qg6 21. Qh3+
Qh7 22. Qxh7+ Kxh7 23. Nxe7 Ng7 24. Nh4 Rae8 25. Nef5 Nh5 26. Ng3 Nxg3 27. fxg3
d6 28. Nf5 Bc8 29. Bg5 Kg6 30. Bh4 Re6 31. Rf2 Rf6 32. Bxf6 Kxf6 33. Raf1 Ke6
34. h4 Kd7 35. h5 Kc6 36. Ne7+ Kb7 37. Nxc8 Kxc8 38. Rxf7 Rxf7 39. Rxf7 Kd8 40.
h6 Ke8 41. h7 Kxf7 42. h8=Q Ke7 43. g4 Kf7 44. g5 Kg6 45. Qf6+ Kh5 46. g4+ Kxg4
47. Kg2 a5 48. Qf3+ Kxg5 49. Kg3 a4 50. Qf5+ Kh6 51. Kg4 axb3 52. axb3 c6 53.
Qf6+ Kh7 54. Kg5 d5 55. Qf7+ Kh8 56. Kg6 dxe4 57. Qh7# 1-0

[Event "ODJM C 2023"]
[Site "Willingen GER"]
[Date "2023.06.01"]
[Round "7"]
[White "Funke, Max"]
[Black "Gyácsok, Rozália"]
[Result "1-0"]
[Termination "normal"]
[Board "45"]
[WhiteElo "1031"]
[BlackElo "750"]
[PlyCount "43"]
[WhiteFideId "34628681"]
[BlackFideId "34658424"]
[EventCountry "GER"]
[EventRounds "9"]
[EventType "swiss"]
[EventDate "2023.05.27"]

1. e4 e5 2. Nf3 Nc6 3. Bc4 f5 4. d3 Bc5 5. Ng5 Nf6 6. Nf7 Qe7 7. Nxh8 Ng4 8.
O-O Qh4 9. h3 Bxf2+ 10. Kh1 d6 11. Nd2 Ne3 12. Qe2 Nxf1 13. Qxf1 fxe4 14. dxe4
Bd7 15. Bf7+ Kf8 16. Nf3 Qg3 17. Bb3 Ke7 18. Nf7 Nd4 19. Nxd4 exd4 20. Bg5+ Kf8
21. Re1 Bxe1 22. Nxd6+ 1-0

[Event "ODJM C 2023"]
[Site "Willingen GER"]
[Date "2023.06.01"]
[Round "7"]
[White "Wagner, Valentin Thien-Phú"]
[Black "Nehrukumar, Snikitha"]
[Result "0-1"]
[Termination "normal"]
[Board "46"]
[WhiteElo "857"]
[BlackElo "984"]
[PlyCount "42"]
[WhiteFideId "34603492"]
[BlackFideId "34660569"]
[EventCountry "GER"]
[EventRounds "9"]
[EventType "swiss"]
[EventDate "2023.05.27"]

1. e4 e5 2. Nf3 Nc6 3. Bc4 Bc5 4. d3 Nf6 5. Nc3 d6 6. Be3 Bxe3 7. fxe3 O-O 8.
Rf1 Re8 9. Qe2 h6 10. Nd5 Nxd5 11. Bxd5 Bd7 12. Rf2 Be6 13. Bxe6 Rxe6 14. Ng1
d5 15. exd5 Qxd5 16. c4 Qd7 17. Kd2 e4 18. Raf1 f6 19. Qg4 Qxd3+ 20. Ke1 Rd6
21. Rd2 Qxd2# 0-1

[Event "ODJM C 2023"]
[Site "Willingen GER"]
[Date "2023.06.01"]
[Round "7"]
[White "Du, Melina"]
[Black "Gattermayer, Jan"]
[Result "1/2-1/2"]
[Termination "normal"]
[Board "47"]
[WhiteElo "931"]
[BlackElo "852"]
[PlyCount "42"]
[WhiteFideId "34639659"]
[BlackFideId "34622306"]
[EventCountry "GER"]
[EventRounds "9"]
[EventType "swiss"]
[EventDate "2023.05.27"]

{normal} 1. e4 e5 2. Nf3 Nc6 3. Bc4 d6 4. O-O Qe7 5. d4 Qd7 6. dxe5 Nxe5 7.
Nxe5 dxe5 8. Nc3 Nf6 9. Bb5 c6 10. Qxd7+ Bxd7 11. Bd3 O-O-O 12. Bg5 Be7 13. Bc4
Be8 14. Rad1 h6 15. Rxd8+ Bxd8 16. Bh4 g5 17. Bg3 Bc7 18. Rd1 h5 19. f3 b5 20.
Be2 b4 21. Nb1 c5 1/2-1/2